[Event "Guwahati op 1st"]
[Site "Guwahati"]
[Date "2022.03.15"]
[Round "2"]
[White "Kolomwe, Willian"]
[Black "Karthik, Venkataraman"]
[Result "0-1"]
[WhiteElo "1783"]
[BlackElo "2485"]
[PlyCount "56"]
[EventDate "2022.03.14"]
[EventType "swiss"]
[EventRounds "10"]
[EventCountry "IND"]
[SourceTitle "CBM 207 Extra"]
[Source "ChessBase"]
[SourceDate "2022.05.31"]
[SourceVersion "1"]
[SourceVersionDate "2022.05.31"]
[SourceQuality "1"]

1. e4 c5 2. Nf3 d6 3. c3 Nf6 4. Be2 Bd7 5. Qc2 Qc7 6. d3 g6 7. h3 Bg7 8. Be3 0-0 9. Nbd2 e5 10. Nf1 Nh5 11. Qd2 f5 12. exf5 gxf5 13. Nxe5 dxe5 14. Bxh5 f4 15. Qe2 fxe3 16. Nxe3 Nc6 17. 0-0 Ne7 18. Rfe1 Kh8 19. Rad1 Rad8 20. a3 Ba4 21. Rd2 Bc6 22. Nc4 Bxg2 23. Kxg2 Nd5 24. Kf1 Nf4 25. Qg4 b5 26. Ne3 Qc6 27. Ng2 Nxg2 28. Qxg2 Qh6 0-1

[Event "TAN-ch op"]
[Site "Dar es Salaam"]
[Date "2019.11.01"]
[Round "2"]
[White "Methu, Joseph Muraga"]
[Black "Kolomwe, Willian"]
[Result "1-0"]
[WhiteElo "2127"]
[BlackElo "1722"]
[PlyCount "38"]
[EventDate "2019.11.01"]
[EventType "swiss"]
[EventRounds "6"]
[EventCountry "TAN"]
[SourceTitle "EXT 2021"]
[Source "ChessBase"]
[SourceDate "2020.10.23"]
[SourceVersion "1"]
[SourceVersionDate "2020.10.23"]
[SourceQuality "1"]

1. d4 e6 2. c4 Nf6 3. Nc3 b6 4. e4 Bb7 5. Bd3 Bb4 6. Qc2 h6 7. Nge2 0-0 8. 0-0 d5 9. cxd5 exd5 10. e5 Ne8 11. f4 Nd7 12. a3 Be7 13. f5 Bg5 14. f6 c5 15. Bxg5 hxg5 16. Qd2 cxd4 17. Qxg5 Nc5 18. Bf5 Bc8 19. Nxd4 g6 1-0

[Event "Africa-ch"]
[Site "Livingstone"]
[Date "2018.05.18"]
[Round "6"]
[White "Kolomwe, Willian"]
[Black "Pillay, Ragul Snega"]
[Result "1-0"]
[WhiteElo "1538"]
[BlackElo "1366"]
[PlyCount "77"]
[EventDate "2018.05.13"]
[EventType "swiss"]
[EventRounds "9"]
[EventCountry "ZAM"]
[SourceTitle "CBM 184 Extra"]
[Source "ChessBase"]
[SourceDate "2018.06.28"]
[SourceVersion "1"]
[SourceVersionDate "2018.06.28"]
[SourceQuality "1"]

1. e4 c5 2. Nf3 Nc6 3. c3 g6 4. d4 cxd4 5. cxd4 Bg7 6. Nc3 d6 7. Be2 Nf6 8. h3 0-0 9. 0-0 Bd7 10. Be3 Re8 11. Qd2 Qc7 12. Rac1 Qd8 13. e5 dxe5 14. dxe5 Nh5 15. g4 Qc8 16. Nh2 Bxe5 17. gxh5 Rd8 18. Nd5 Qb8 19. Ng4 Bxg4 20. Bxg4 e6 21. hxg6 hxg6 22. Rxc6 Rxd5 23. Qc2 bxc6 24. Bf3 Ra5 25. Qxc6 Qxb2 26. Qxa8+ Kg7 27. Rd1 Rxa2 28. Rd8 Qb1+ 29. Kg2 Qe1 30. Qe4 Bf6 31. Bh6+ Kxh6 32. Qxe1 Bxd8 33. Qb1 Ra5 34. Qb8 Bb6 35. Qf8+ Kg5 36. Qxf7 Ra2 37. h4+ Kh6 38. Qxe6 Rxf2+ 39. Kg3 1-0